Vivencias de un guerrillero. Testimonio de un combatiente del frente Juan de Dios Ventura Simó (Record no. 7549)

MARC details
000 -LEADER
campo de control de longitud fija 00399nam a2200133Ia 4500
001 - NÚMERO DE CONTROL
campo de control 3332
008 - DATOS DE LONGITUD FIJA--INFORMACIÓN GENERAL
campo de control de longitud fija 241024s9999 xx 000 0 und d
082 ## - NÚMERO DE LA CLASIFICACIÓN DECIMAL DEWEY
Número de clasificación RD/972.9354/P438v
100 ## - ENTRADA PRINCIPAL--NOMBRE DE PERSONA
Nombre de persona Rafael Pérez Modesto
245 #0 - MENCIÓN DEL TÍTULO
Título Vivencias de un guerrillero. Testimonio de un combatiente del frente Juan de Dios Ventura Simó
260 ## - PUBLICACIÓN, DISTRIBUCIÓN, ETC.
Nombre del editor, distribuidor, etc. Ed. Búho
Fecha de publicación, distribución, etc. 2008
901 ## - ELEMENTOS DE DATOS A LOCAL LDA (RLIN)
a 9/10/2013 3:51:06 p.m.

No items available.

© 2024. Todos los Derechos Reservados. Desarrollado por IDEICE